Quantum-chemical modeling in assessing the interaction of diesel fractions hydrocarbons with a depressant and depressant-dispersant additive; Химия и химическая технология в XXI веке; Т. 2

書誌詳細
Parent link:Химия и химическая технология в XXI веке: материалы XXII Международной научно-практической конференции студентов и молодых ученых имени выдающихся химиков Л. П. Кулёва и Н. М. Кижнера, посвященной 125-летию со дня основания Томского политехнического университета, Томск, 17-20 мая 2021 г./ Национальный исследовательский Томский политехнический университет (ТПУ) ; Инженерная школа природных ресурсов ; Исследовательская школа химических и биомедицинских технологий.— , 2021
Т. 2.— 2021.— [С. 186-187]
第一著者: Berdnikova A. A.
団体著者: Национальный исследовательский Томский политехнический университет Инженерная школа природных ресурсов Отделение химической инженерии
その他の著者: Frantsina E. V. Evgeniya Vladimirovna (научный руководитель)
要約:Заглавие с титульного экрана
言語:英語
出版事項: 2021
シリーズ:Химия и химическая технология на иностранном языке (английский)
主題:
オンライン・アクセス:http://earchive.tpu.ru/handle/11683/67733
フォーマット: 電子媒体 図書の章
KOHA link:https://koha.lib.tpu.ru/cgi-bin/koha/opac-detail.pl?biblionumber=632952

MARC

LEADER 00000naa2a2200000 4500
001 632952
005 20231227091954.0
035 |a (RuTPU)RU\TPU\conf\34674 
035 |a RU\TPU\conf\34673 
090 |a 632952 
100 |a 20210603d2021 k y0rusy50 ba 
101 0 |a eng 
102 |a RU 
105 |a y z 101zy 
135 |a drgn ---uucaa 
181 0 |a i  
182 0 |a b 
200 1 |a Quantum-chemical modeling in assessing the interaction of diesel fractions hydrocarbons with a depressant and depressant-dispersant additive  |f A. A. Berdnikova, E. V. Frantsina  |g sci. adv. E. V. Frantsina, ling. adv. E. V. Frantsina 
203 |a Текст  |c электронный 
225 1 |a Химия и химическая технология на иностранном языке (английский) 
300 |a Заглавие с титульного экрана 
320 |a [Библиогр.: с. 187 (1 назв.)] 
461 1 |0 (RuTPU)RU\TPU\conf\34506  |t Химия и химическая технология в XXI веке  |o материалы XXII Международной научно-практической конференции студентов и молодых ученых имени выдающихся химиков Л. П. Кулёва и Н. М. Кижнера, посвященной 125-летию со дня основания Томского политехнического университета, Томск, 17-20 мая 2021 г.  |o в 2 т.  |f Национальный исследовательский Томский политехнический университет (ТПУ) ; Инженерная школа природных ресурсов ; Исследовательская школа химических и биомедицинских технологий  |d 2021 
463 1 |0 (RuTPU)RU\TPU\conf\34508  |t Т. 2  |v [С. 186-187]  |d 2021 
610 1 |a труды учёных ТПУ 
610 1 |a электронный ресурс 
610 1 |a квантово-химическое моделирование 
610 1 |a взаимодействия 
610 1 |a углеводороды 
610 1 |a дизельные фракции 
610 1 |a депрессорные присадки 
610 1 |a депрессорно-диспергирующие присадки 
700 1 |a Berdnikova  |b A. A. 
701 1 |a Frantsina  |b E. V.  |c Chemical Engineer  |c Associate Professor of Tomsk Polytechnic University, Candidate of technical sciences  |f 1985-  |g Evgeniya Vladimirovna  |3 (RuTPU)RU\TPU\pers\32193  |9 16193 
702 1 |a Frantsina  |b E. V.  |c Chemical Engineer  |c Associate Professor of Tomsk Polytechnic University, Candidate of technical sciences  |f 1985-  |g Evgeniya Vladimirovna  |4 727 
702 1 |a Frantsina  |b E. V.  |c Chemical Engineer  |c Associate Professor of Tomsk Polytechnic University, Candidate of technical sciences  |f 1985-  |g Evgeniya Vladimirovna  |4 730 
712 0 2 |a Национальный исследовательский Томский политехнический университет  |b Инженерная школа природных ресурсов  |b Отделение химической инженерии  |3 (RuTPU)RU\TPU\col\23513 
801 2 |a RU  |b 63413507  |c 20210625  |g RCR 
856 4 |u http://earchive.tpu.ru/handle/11683/67733 
942 |c BK